000 00843nam0a22002531 4500
001 rc\959626
005 20260407041949.0
035 _a(NLR Aleph) 006130067
090 _a5552015
_c5552015
100 _a20041129d1982 |||y0rusy50 ca
101 0 _arus
102 _aRU
105 _ay |||||||||
200 1 _aРабота Правления Союза художников БССР 1977-1982
210 _aМинск
_cПолымя
_d1982
215 _a64 с.
_d22
300 _aВ надзаг.: XI съезд художников БССР, Минск, 1982
710 0 2 _aСоюз художников БССР
_3RU\NLR\AUTH\8810014122
_9526149
712 1 2 _aСъезд художников БССР
_d11
_f1982
_eМинск
801 0 _aRU
_bNLR
_gpsbo
801 1 _aRU
_bELAR
_2rusmarc
852 _aNLR
_j82-6/5420
942 _cBOOK
980 _aNB